000 02621nam a2200421 i 4500
001 193386
003 SpMaBN
005 20250804062657.0
007 ta
008 150330s2015 sp | |||| 000 f spa
017 _aB 3300-2015
_bOficina Depósito Legal Barcelona
020 _a9788432224645
035 _a(OCoLC)907056544
040 _aSpMaBN
_bspa
_cSpMaBN
_erdc
080 _a821.133.1-31"19"
100 1 _aDidierlaurent, Jean-Paul,
_d1967-
_4aut
_0XX5469949
_9234552
_eaut
245 1 3 _aEl lector del tren de las 6.27 /
_cJean-Paul Didierlaurent ; traducción del francés por Adolfo García Ortega
246 _aEl lector del tren de las seis y veintisiete
250 _aPrimera edición: marzo de 2015
260 _aBarcelona :
_bSeix Barral,
_c2015
300 _a195 páginas ;
_c23 cm
336 _aTexto (visual)
_2isbdcontent
337 _asin mediación
_2isbdmedia
338 _2rdacarrier
_avolumen
490 1 _aBiblioteca Formentor
520 _aGuibrando Viñol no es ni guapo ni feo, ni gordo ni flaco. Su trabajo consiste en destruir lo que más ama: es el encargado de supervisar la Cosa, la abominable máquina que tritura los libros que ya nadie quiere leer. Al final de la jornada, Guibrando saca de la entrañas del monstruo las pocas páginas que han sobrevivido a la carnicería. Cada mañana, en el tren de las 6.27, se dedica a leerlas en voz alta para deleite de los pasajeros habituales. Un día descubre por casualidad una pieza de literatura atípica que le cambiará la vida. La amistad une a un grupo de personajes aparentemente anodinos, probables compañeros invisibles de nuestros viajes cotidianos en tren, que esconden mundos extraordinarios donde todo es posible: un vigilante de seguridad que habla en verso, una princesa cuyo palacio es un aseo público, un mutilado que busca sus piernas. En una mezcla insólita de humor negro y dulzura, celebramos con ellos el triunfo de los incomprendidos.
655 0 _aNovelas
_9234319
700 1 _aGarcía Ortega, Adolfo,
_d1958-
_4trl
_9137457
_etrl
830 _9180387
_aBiblioteca Formentor
852 _aES-MaACL
_bR. 154770
_cDEPOJ
_jN-9542
_9200832
_hDonación: José Lázaro García
_xEncuadernación rústica con solapas (incluye faja)
903 _9234219
_aLázaro García, José
_ednr
942 _n0
_cMONOGRAFIA
999 _c193386
_d193386